00490nam a2200169 a 4500008004100000050002200041100001700063245002400080246003000104260003900134300002900173350000900202490004600211650001400257650002800271700002100299060906s2006 ||||||||||||||||| || u aIBRD(08)PRWP/3753 a[and others]10aHow banks go abroad abranches or subsidiaries? aWashington, D. CbWorld Bankc2006 a24 pages : illustrations a0.00 aWorld Bank policy research working papers 0aECONOMICS aFOREIGN BANKS--RESEARCH aCerutti, Eugenio